Online
Catalog

Empaque de frutas y legumbres y de otros productos frescos en el almacen central. (Record no. 36638)

MARC details
000 -CABECERA
campo de control de longitud fija 00549nam a2200145 a 4500
001 - NÚMERO DE CONTROL
campo de control 000037148
005 - FECHA Y HORA DE LA ÚLTIMA TRANSACCIÓN
campo de control 20200930080154.0
008 - DATOS DE LONGITUD FIJA--INFORMACIÓN GENERAL
campo de control de longitud fija 120217s1970 mx 000 0 spa d
040 ## - FUENTE DE LA CATALOGACIÓN
Centro catalogador/agencia de origen DO-SdBNP
Lengua de catalogación spa
Centro/agencia transcriptor BNPHU
082 ## - NÚMERO DE LA CLASIFICACIÓN DECIMAL DEWEY
Número de clasificación xxxx
Número de documento/Ítem E55f
245 00 - MENCIÓN DE TÍTULO
Título Empaque de frutas y legumbres y de otros productos frescos en el almacen central.
260 ## - PUBLICACIÓN, DISTRIBUCIÓN, ETC.
Lugar de publicación, distribución, etc. México :
Nombre del editor, distribuidor, etc. Servicio de Investigaciones Agricolas, Departamento de Agricultura de los EE. UU. de A.,
Fecha de publicación, distribución, etc. 1970.
300 ## - DESCRIPCIÓN FÍSICA
Extensión 106 p. :
Otras características físicas ils., retr. ;
Dimensiones 27 cm.
710 2# - PUNTO DE ACCESO ADICIONAL--NOMBRE DE ENTIDAD CORPORATIVA
Nombre de entidad corporativa o nombre de jurisdicción como elemento de entrada Centro Regional de Ayuda Técnica
9 (RLIN) 49164
Holdings
Estado de retiro Estado de pérdida Restricciones de uso No para préstamo Código de colección Localización permanente Ubicación/localización actual Ubicación en estantería Fecha de adquisición Número de inventario Total de préstamos Signatura topográfica completa Código de barras Fecha visto por última vez Precio válido a partir de Tipo de ítem Koha
      Excluido de préstamo Monografías: Libros y Folletos General General En catalogación 17.02.2012 LF1   xxxx E55f 37148-10 25.06.2020 25.06.2020 No se presta

Powered by Koha